Indonesia or the Philippines - Statistics

General Stats
  • This quiz has been taken 185 times
    162 since last reset
  • The average score is 18 of 20
Answer Stats
Question Answer % Correct
Jakarta Indonesia
100%
Rendang Indonesia
100%
Tanjung Perak Indonesia
100%
Adobo Philippines
100%
Java Indonesia
98%
Bali Indonesia
98%
Manila Philippines
98%
Luzon Philippines
98%
Palawan Philippines
98%
Batam Indonesia
95%
Jollibee Philippines
95%
Songket Indonesia
91%
Satay Indonesia
91%
Monas Indonesia
84%
17-8-1945 independence day Indonesia
81%
Toba Lake Indonesia
79%
Bobo (magazine) Indonesia
77%
Halo-halo Philippines
77%
Batik Indonesia
70%
Richeese Factory Indonesia
47%
No matching quizzes found
Score Distribution
Percent of People with Each Score
Percentile by Number Answered
Your Score History
You have not taken this quiz since the last reset